[Event "47th World U20 ch"]
[Site "Gaziantep TUR"]
[Date "2008.08.15"]
[Round "13.38"]
[White "Rzayev, Bahruz"]
[Black "Vishnu, Prasanna Vasanthan"]
[Result "1-0"]
[WhiteElo "2245"]
[BlackElo "2341"]
[EventDate "2008.08.03"]
[PlyCount "37"]

1.e4 c5 2.Nf3 d6 3.d4 cxd4 4.Nxd4 Nf6 5.Nc3 a6 6.Bg5 e6 7.f4 Qb6 8.Qd3 
Qxb2 9.Rb1 Qa3 10.Be2 Nc6 11.Nxc6 bxc6 12.O-O Be7 13.Kh1 O-O 14.Nd5 Qxd3 
15.Nxe7+ Kh8 16.Bxd3 Bd7 17.Bxf6 gxf6 18.Rb6 Rfb8 19.Rfb1 1-0

[Event "47th World U20 ch"]
[Site "Gaziantep TUR"]
[Date "2008.08.15"]
[Round "13.39"]
[White "Nukin, Askhat"]
[Black "Neimer, Vitaly"]
[Result "1-0"]
[WhiteElo "2244"]
[BlackElo "2316"]
[EventDate "2008.08.03"]
[PlyCount "80"]

1.e4 c5 2.Nf3 e6 3.d4 cxd4 4.Nxd4 a6 5.Bd3 Bc5 6.Nb3 Be7 7.O-O d6 8.c4 Nf6
9.Nc3 Nbd7 10.f4 Qc7 11.Qf3 b6 12.Bd2 Bb7 13.Rae1 h5 14.Qh3 Ng4 15.Be2 
Ndf6 16.Kh1 g6 17.Bd3 Nd7 18.Nd1 O-O-O 19.a4 Nc5 20.Bc2 f5 21.a5 Bxe4 22.
axb6 Qb7 23.Nxc5 dxc5 24.Bxe4 fxe4 25.Bc3 Rhf8 26.Nf2 Rxf4 27.Nxg4 Rxg4 
28.Rf7 Rd3 29.g3 Rf3 30.Rh7 Qd7 31.Qg2 Kb8 32.Be5+ Kb7 33.h3 Rg5 34.Rxe4 
Rgf5 35.Rf4 Kxb6 36.Rxf3 Rxe5 37.Kh2 Re1 38.b4 Qd6 39.bxc5+ Qxc5 40.Rb3+ 
Kc7 1-0

[Event "47th World U20 ch"]
[Site "Gaziantep TUR"]
[Date "2008.08.15"]
[Round "13.40"]
[White "Grover, Sahaj"]
[Black "Oliver, Gareth"]
[Result "1-0"]
[WhiteElo "2306"]
[BlackElo "2196"]
[EventDate "2008.08.03"]
[PlyCount "63"]

1.e4 c5 2.Nf3 d6 3.d4 cxd4 4.Nxd4 Nf6 5.Nc3 g6 6.Bg5 Bg7 7.Bb5+ Bd7 8.Qd2 
O-O 9.O-O-O Bxb5 10.Ndxb5 Nc6 11.f4 Qa5 12.Kb1 a6 13.Nd4 Qb4 14.Nb3 Nd7 
15.Nd5 Qa4 16.Nxe7+ Nxe7 17.Bxe7 Rfe8 18.Bxd6 Rxe4 19.Qf2 Qb5 20.Rhe1 Rxe1
21.Rxe1 a5 22.Qe2 Qc6 23.Ba3 b5 24.c3 Qb6 25.Qe3 Qc7 26.Rd1 Nb6 27.Nxa5 h6
28.Qc5 Qb8 29.Nc6 Qb7 30.Qxb5 Kh7 31.Bc5 Ra6 32.Nb4 1-0

[Event "47th World U20 ch"]
[Site "Gaziantep TUR"]
[Date "2008.08.15"]
[Round "13.41"]
[White "Ilic, Slavisa"]
[Black "Kjartansson, Gudmundur"]
[Result "1-0"]
[WhiteElo "2081"]
[BlackElo "2328"]
[EventDate "2008.08.03"]
[PlyCount "109"]

1.Nf3 Nf6 2.d4 e6 3.g3 c5 4.Bg2 Nc6 5.O-O cxd4 6.Nxd4 Qb6 7.Nb3 d5 8.N1d2 
a5 9.a4 Bb4 10.c3 Be7 11.e4 O-O 12.exd5 exd5 13.Nf3 Bg4 14.Be3 Qc7 15.Nbd4
Nxd4 16.Bxd4 h6 17.Qb3 Ra6 18.Rfe1 Be6 19.Rad1 Re8 20.Ne5 Ne4 21.Nd3 Rc6 
22.Nf4 Nc5 23.Qb5 Rd8 24.Qe2 Bg5 25.Be5 Qc8 26.Nxd5 Bg4 27.f3 Rxd5 28.Rxd5
Be6 29.Rd6 Be7 30.Rxc6 Qxc6 31.f4 Qxa4 32.Bd4 Nb3 33.Bf2 Bf6 34.Bxb7 g5 
35.fxg5 hxg5 36.Qa6 Qg4 37.Qa8+ Kg7 38.Bd5 Nd2 39.Bg2 a4 40.Qc6 Bb3 41.Be3
Nc4 42.Bc5 Nxb2 43.Qa8 Bxc3 44.Qf8+ Kg6 45.Be4+ f5 46.Qd6+ Kh5 47.Qd7 Kg6 
48.Qd6+ Kh5 49.Qd7 Kg6 50.Qe8+ Kg7 51.Bf8+ Kh7 52.Bxf5+ Qxf5 53.Re7+ Kh8 
54.Bg7+ Kh7 55.Qh8+ 1-0

[Event "47th World U20 ch"]
[Site "Gaziantep TUR"]
[Date "2008.08.15"]
[Round "13.42"]
[White "Mijovic, Stefan"]
[Black "Sousa, Ricardo"]
[Result "1-0"]
[WhiteElo "2289"]
[BlackElo "2133"]
[EventDate "2008.08.03"]
[PlyCount "49"]

1.e4 d6 2.d4 Nf6 3.Nc3 g6 4.Be3 c6 5.h3 Bg7 6.f4 O-O 7.Bd3 b5 8.e5 Ne8 9.
Nf3 a6 10.Qe2 Bb7 11.O-O-O Qa5 12.Kb1 Nd7 13.Ng5 Nc7 14.e6 fxe6 15.h4 c5 
16.dxc5 b4 17.Nce4 Bd5 18.Bc4 dxc5 19.h5 Rab8 20.hxg6 Nb5 21.Rxd5 Nb6 22.
Rxc5 Nxc4 23.Qxc4 Na3+ 24.bxa3 bxa3+ 25.Kc1 1-0

[Event "47th World U20 ch"]
[Site "Gaziantep TUR"]
[Date "2008.08.15"]
[Round "13.43"]
[White "McPhillips, Karl"]
[Black "Ertan, Can"]
[Result "1-0"]
[WhiteElo "2221"]
[BlackElo "2149"]
[EventDate "2008.08.03"]
[PlyCount "65"]

1.d4 Nf6 2.c4 e6 3.Nf3 b6 4.e3 Bb7 5.Bd3 d5 6.Nc3 Nbd7 7.O-O Be7 8.b3 O-O 
9.Bb2 Re8 10.cxd5 exd5 11.Rc1 a6 12.Ne2 Bd6 13.Ng3 g6 14.Rc2 Ne4 15.Qe2 
Qe7 16.Rfc1 c6 17.Nf1 a5 18.a4 f5 19.N3d2 Ndf6 20.Re1 Qc7 21.h3 f4 22.Nf3 
fxe3 23.Nxe3 Qe7 24.Ne5 Rec8 25.Rec1 c5 26.N3g4 Nxg4 27.Nxg4 Nf6 28.dxc5 
Nxg4 29.cxd6 Qxe2 30.Bxe2 Rxc2 31.Rxc2 Nh6 32.Bb5 Rd8 33.Rc7 1-0

[Event "47th World U20 ch"]
[Site "Gaziantep TUR"]
[Date "2008.08.15"]
[Round "13.44"]
[White "Niemi, Mikko"]
[Black "Lortkipanidze, Nodar"]
[Result "1/2-1/2"]
[WhiteElo "2214"]
[BlackElo "2080"]
[EventDate "2008.08.03"]
[PlyCount "62"]

1.Nf3 d6 2.c4 e5 3.Nc3 Nc6 4.g3 g6 5.Bg2 Bg7 6.O-O Nf6 7.d3 O-O 8.Rb1 a5 
9.a3 Be6 10.b4 axb4 11.axb4 h6 12.b5 Ne7 13.Qb3 Qc8 14.Rd1 Nd7 15.Ba3 Nf5 
16.e3 Re8 17.Nd2 Ne7 18.b6 c6 19.Nde4 Nf5 20.g4 Nh4 21.Nxd6 Qd8 22.Nxe8 
Bxg4 23.Nxg7 Bxd1 24.Qxd1 Rxa3 25.Ne6 Qe7 26.Ne4 Qxe6 27.Ra1 Rxa1 28.Qxa1 
Nxb6 29.Qa7 Nc8 30.Qxb7 Ne7 31.Qb8+ Kg7 1/2-1/2

[Event "47th World U20 ch"]
[Site "Gaziantep TUR"]
[Date "2008.08.15"]
[Round "13.45"]
[White "Hughes, Tyler"]
[Black "Kobayashi, Atsuhiko"]
[Result "1-0"]
[WhiteElo "2161"]
[BlackElo "1936"]
[EventDate "2008.08.03"]
[PlyCount "59"]

1.d4 d5 2.c4 e6 3.Nc3 Nf6 4.cxd5 exd5 5.Bg5 Be7 6.e3 O-O 7.Bd3 Nbd7 8.Nge2
c6 9.Qc2 Re8 10.O-O Nf8 11.Rae1 Be6 12.f3 Rc8 13.Kh1 N6d7 14.Bxe7 Qxe7 15.
e4 dxe4 16.fxe4 c5 17.d5 c4 18.dxe6 Qxe6 19.Nd4 cxd3 20.Qxd3 Qg6 21.Nf5 
Nb6 22.Qd6 Qg5 23.h4 Qh5 24.Ne7+ Rxe7 25.Qxe7 f6 26.Qxb7 Ng6 27.Qa6 Qxh4+ 
28.Kg1 Nf4 29.Ne2 Rc1 30.Rxc1 1-0

[Event "47th World U20 ch"]
[Site "Gaziantep TUR"]
[Date "2008.08.15"]
[Round "13.46"]
[White "Plenca, Julijan"]
[Black "Ramsurrup, Pratish"]
[Result "1-0"]
[WhiteElo "2295"]
[BlackElo "1809"]
[EventDate "2008.08.03"]
[PlyCount "83"]

1.e4 e5 2.f4 Nc6 3.Nf3 d6 4.Bc4 Be7 5.O-O Nf6 6.Nc3 O-O 7.d4 exd4 8.Nxd4 
Nxd4 9.Qxd4 Be6 10.Bd3 c6 11.Qf2 Qb6 12.Be3 Qxb2 13.Qe1 Qa3 14.f5 Bc8 15.
Rb1 Bd8 16.Kh1 Qa5 17.Bf4 Bc7 18.Rb3 Re8 19.Qc1 b5 20.Bg5 Bd8 21.Qe1 Nd7 
22.Bd2 Qc7 23.Qg3 Bf6 24.Bf4 Ne5 25.Bxb5 Bd7 26.Ba6 Rab8 27.Bg5 Bxg5 28.
Qxg5 f6 29.Qd2 Rb6 30.Be2 Rd8 31.Nd1 Be8 32.Rg3 Kf8 33.Ne3 Bf7 34.Rh3 Bg8 
35.Qc3 Qe7 36.g4 d5 37.exd5 cxd5 38.Ng2 d4 39.Qd2 Qb7 40.Kg1 Rb2 41.Qa5 
Rxa2 42.Qxd8+ 1-0